Quiz de Nauru - Statistics

Estatísticas Gerais
  • Esse quiz foi jogado 496 vezes
  • A pontuação média é 8 de 13
Estatísticas das Respostas
Dica Resposta % Correto
Sub-região onde Nauru está {Micro}nésia
92%
Nauru é o terceiro _____ país do mundo, atrás apenas do Vaticano e de Mônaco Menor
90%
Doença que matou cerca de 18% da população em 1920 {Gripe} espanhola
89%
País que invadiu em 1942, sequestrando grande parte da população masculina adulta para trabalhos forçados nas Ilhas Chuuk Japão
77%
Moeda oficial Dólar
75%
61% de pessoas de Nauru são _____, a maior taxa do mundo Obesos
75%
País ao leste de Nauru Kiribati
72%
Capital Yaren
56%
O que a linha amarela na bandeira representa Equador
51%
Língua oficial Nauruano
47%
Desordem metabólica que atinge 40% da população, a mais alta do mundo Diabetes
38%
Substância que era extraída, o que resultou em Nauru ser, brevemente,o país mais rico do mundo Fosfato
27%
Antigo nome de Nauru {Pleasant} Island
17%
Nenhum quiz correspondente encontrado
Distribuição das Pontuações
Porcentagem de Pessoas com Cada Pontuação
Percentil de Números Respondidos
Sua Pontuação Histórica
Você não jogou esse quiz